00602nam a2200181Ia 4500008004100000020001500041041001200056082001600068100002000084245007500104260002500179300000800204650000700212700001800219942000700237999001500244952016100259221030s9999 xx 000 0 und d a8120321669 aEnglish a105.23bTri aJ. R. Treichler 0aTheory & Design Of Adaptive Filterscby J. R. Treichler, C. R. Johnson bPHIaNew Delhic2002 a350 aEE aC. R. Johnson cBK c8296d8296 pBE 6585g175.00l0o105.23 Trir2024-06-13 00:00:00w2022-10-30yBK003Print4071aMIETLIBbMIETLIBcBL-Second, FL-1, CUP-24, SH-4, R-4d2003-04-0210HBE